Statistics for Bong Joon-ho Movies

Click here to take the quiz!

General Stats

  • This quiz has been taken 6 times
  • The average score is 5 of 7

Answer Stats

YearDescriptionMovie% Correct
2019Poor family take over a rich family's house by firing their old employeesParasite
100%
2013In a dystopian Ice Age world, the last humans live in a bullet trainSnowpiercer
100%
2017Girl must save her fictional big animal from a multinational conglomerateOkja
67%
2006Unidentified monster appears from the Han River in Seoul and kills hundredsThe Host
67%
2009Widow's mentally challenged child becomes the main suspect of a murderMother
50%
2003A big-city detective helps two inept small-town cops investigate a serial killerMemories of Murder
50%
2000An academic wages war against dogs in his apartment buildingBarking Dogs Never Bite
17%

Score Distribution

Percentile by Number Answered

Percent of People with Each Score

Your Score History

You have not taken this quiz